| 000 | 00000nas 2200000zi 4500 |
| 001 | 9.903818 |
| 003 | CaOODSP |
| 005 | 20250623112945 |
| 006 | m o d f |
| 007 | cr cn||||||||| |
| 008 | 211004d20212023oncar p o f0###a0eng|d |
| 022 | |a2564-1255 |
| 040 | |aCaOODSP|beng|erda|cCaOODSP |
| 043 | |an-cn--- |
| 086 | 1 |aHR2-12E-PDF |
| 110 | 2 |aCanadian Human Rights Commission.|eauthor, |eissuing body. |
| 222 | 0|aAnti-racism action plan, progress report |
| 245 | 10|aAnti-racism action plan : |bprogress report / |cCanadian Human Rights Commission. |
| 246 | 1 |iIssue for fall 2023 has title: |aCanadian Human Rights Commission's ... update |
| 264 | 1|aOttawa, Ontario : |bCanadian Human Rights Commission = Commission canadienne des droits de la personne, |c[2021-2023] |
| 310 | |aAnnual |
| 336 | |atext|btxt|2rdacontent |
| 337 | |acomputer|bc|2rdamedia |
| 338 | |aonline resource|bcr|2rdacarrier |
| 362 | 1 |aBegan with: Issue 1 (June 2021); ceased with: Fall 2023. |
| 500 | |aIssued also in French under title: Le plan d'action de lutte contre le racisme : rapport d'étape. |
| 588 | |aDescription based on: Issue 1 (June 2021); title from PDF cover page. |
| 588 | |aLatest issue consulted: Fall 2023. |
| 610 | 20|aCanadian Human Rights Commission|vPeriodicals. |
| 650 | 0|aAnti-racism|xGovernment policy|zCanada|vPeriodicals. |
| 655 | 7|aPeriodicals|2lcgft |
| 775 | 08|tLe plan d'action de lutte contre le racisme : |w(CaOODSP)9.903823 |